Statistics for Current/Former Economic/Military Alliances (with map)

Click here to take the quiz!

General Stats

  • This quiz has been taken 110 times
  • The average score is 103 of 110

Answers on the Map

Answers color-coded by a green-red scale on the quiz's map according to % correct below.
 

Answer Stats

AllianceAnswer% Correct
USSRRussia
99%
NATOTurkey
98%
NATOUnited Kingdom
98%
USSRBelarus
96%
NATOCanada
96%
EU | NATO | USSREstonia
96%
EUFinland
96%
EU | NATOGreece
96%
EU | NATOPoland
96%
EU | NATORomania
96%
USSRUkraine
96%
NATOUnited States
96%
NATOAlbania
95%
USSRArmenia
95%
EUAustria
95%
EU | NATOBelgium
95%
EU | NATOBulgaria
95%
EU | NATO | YugoslaviaCroatia
95%
EU | NATOCzech Republic
95%
Arab LeagueEgypt
95%
EU | NATOFrance
95%
EU | NATOItaly
95%
EU | NATO | USSRLatvia
95%
EU | NATO | USSRLithuania
95%
EU | NATONetherlands
95%
YugoslaviaSerbia
95%
EU | NATO | YugoslaviaSlovenia
95%
EU | NATOSpain
95%
EUSweden
95%
USSRAzerbaijan
94%
YugoslaviaBosnia and Herzegovina
94%
EUCyprus
94%
USSRGeorgia
94%
EU | NATOGermany
94%
EU | NATOHungary
94%
EUIreland
94%
USSRKazakhstan
94%
YugoslaviaKosovo
94%
USSRKyrgyzstan
94%
Arab LeagueLibya
94%
NATO | YugoslaviaMontenegro
94%
NATO | YugoslaviaNorth Macedonia
94%
NATONorway
94%
EU | NATOPortugal
94%
EU | NATOSlovakia
94%
Arab LeagueSyria
94%
USSRUzbekistan
94%
Arab LeagueAlgeria
93%
NATOIceland
93%
Arab LeagueIraq
93%
USSRMoldova
93%
Arab LeagueMorocco
93%
Arab LeagueSaudi Arabia
93%
Arab LeagueSudan
93%
Arab LeagueTunisia
93%
Arab LeagueUnited Arab Emirates
93%
Arab LeagueYemen
93%
EU | NATODenmark
92%
Arab LeagueJordan
92%
Arab LeagueKuwait
92%
Arab LeagueLebanon
92%
EU | NATOLuxembourg
92%
EUMalta
92%
Arab LeagueOman
92%
ASEANThailand
92%
USSRTurkmenistan
92%
ASEANVietnam
92%
ASEANIndonesia
90%
Arab LeagueQatar
90%
USSRTajikistan
90%
Arab LeagueBahrain
89%
Arab LeagueSomalia
89%
ASEANCambodia
88%
ASEANLaos
88%
ASEANMalaysia
88%
ASEANMyanmar
87%
ASEANPhilippines
87%
Arab LeagueMauritania
86%
ASEANSingapore
86%
Arab LeagueDjibouti
84%
ASEANBrunei
77%
Arab LeagueComoros
73%

Score Distribution

Percentile by Number Answered

Percent of People with Each Score

Your Score History

You have not taken this quiz